Score 0/20 Timer 03:00
0 Plays Today
Lyric Word % Correct
Drove my _____ to the levee, but the levee was dry.Chevy
93.6%
It's been a hard day's night, and I been _____ like a dogWorking
89.7%
Wild thing, you make my _____ singHeart
88.2%
You may say that I'm a _____. But I'm not the only one. Dreamer
79.6%
What would you do if I sang out of tune would you _____ up and walk out on meStand
73.6%
My _____ runs cold, my memory has just been sold, my angel is the centerfoldBlood
72.8%
Some people call me the space _____, some call me the gangster of loveCowboy
72.5%
No more pencils, no more _____. No more teacher's dirty looksBooks
67.1%
We don't need no _____, we don't need no thought controlEducation
63.6%
It's the eye of the tiger It's the _____ of the fight Thrill
55.8%
Lyric Word % Correct
Smoke on the water, _____ in the skyFire
55.5%
Blame it all on my roots. I showed up in _____.Boots
52.1%
Her name was Lola, she was a _____, with yellow feathers in her hair and a dress cut down to thereShowgirl
51.5%
Well, I guess it would be _____ if I could touch your bodyNice
51.4%
All the leaves are brown and the sky is grey I went for a walk, on a _____ dayWinter's
47.9%
There must be some kind of way out of here, said the _____ to the thiefJoker
39.6%
Look at them yo-yos, that's the way you do it, You play the _____ on the MTV Guitar
31.5%
Don't call it a _____. I been here for yearsComeback
28.3%
I was born in a cross-fire _____Hurricane
20.9%
You know the day _____ the night, night divides the dayDestroys
14.4%

Today's Daily Dose

Missing Word
'T' Pairs

Word Ladder
Game Pieces

Get the Picture
Baseball Movies

Remove Ads.
Support Sporcle.
Get the best of Sporcle when you Go Orange. This ad-free experience offers more features, more stats, and more fun while also helping to support Sporcle. Thank you for becoming a member.

You're not logged in!

Compare scores with friends on all Sporcle quizzes.
OR
Log In

Show Comments

Extras

Top Quizzes Today


Score Distribution

Your Account Isn't Verified!

In order to create a playlist on Sporcle, you need to verify the email address you used during registration. Go to your Sporcle Settings to finish the process.

Report this User

Report this user for behavior that violates our Community Guidelines.

Details: